|
|
|
|
| LEADER |
00982nam a2200241 a 4500 |
| 001 |
689302 |
| 008 |
090622s1996 nyua 001 0 eng d |
| 010 |
|
|
|a 96010718
|
| 020 |
|
|
|a 186197518X
|
| 040 |
|
|
|a DLC
|c DLC
|d DLC
|
| 082 |
0 |
0 |
|a 658.4/063
|2 20
|
| 100 |
1 |
|
|a Hammer, Michael,
|d 1948-2008.
|
| 245 |
1 |
0 |
|a Beyond reengineering :
|b how the process-centered organization is changing our work and our lives /
|c Michael Hammer.
|
| 260 |
|
|
|a New York :
|b HarperBusiness, ;
|a London, :
|b Profile books,
|c c1996.
|
| 300 |
|
|
|a xv, 285 p. :
|b ill. ;
|c 25 cm.
|
| 500 |
|
|
|a Includes index.
|
| 541 |
1 |
|
|e 00010228
|
| 650 |
|
0 |
|a Reengineering (Management)
|
| 650 |
|
0 |
|a Organizational change.
|
| 650 |
|
0 |
|a Industrial organization.
|
| 852 |
4 |
|
|a Ayesha Abed Library
|j General shelf
|
| 999 |
|
|
|c 1533
|d 1533
|
| 952 |
|
|
|0 0
|1 0
|2 ddc
|4 0
|6 658_406300000000000_HAM
|7 0
|9 1409
|a BRACUL
|b BRACUL
|c GEN
|d 2009-06-28
|g 0.00
|l 0
|o 658.4063 HAM
|p 3010010228
|r 2009-06-28
|t 1
|w 2009-06-28
|y BK
|x No price found in the accession register.
|